Zdravie je hodnotou, a nie tovarom

Zdravie občanov je základom pre produktivitu a ekonomický rast štátu. Súčasné problémy zdravotníctva sú dedičstvom minulosti. Poistný systém v zdravotníctve. Návrh na vytvorenie jednej zdravotnej poisťovne. Sieť zdravotníckych zariadení. Príčiny zadlžovania týchto zariadení a prijaté opatrenia. Nedo...

Ausführliche Beschreibung

Gespeichert in:
Bibliographische Detailangaben
1. Verfasser: Gallo, Rudolf
Format: Buchkapitel
Sprache:Slowakisch
Schlagworte:
Tags: Tag hinzufügen
Keine Tags, Fügen Sie das erste Tag hinzu!

MARC

LEADER 00000naa$a2200000$$$4500
001 0058497
005 20231016085330.6
041 0 |a slo 
044 |a SK 
245 1 0 |a Zdravie je hodnotou, a nie tovarom  |c Rudolf Gallo 
520 |a Zdravie občanov je základom pre produktivitu a ekonomický rast štátu. Súčasné problémy zdravotníctva sú dedičstvom minulosti. Poistný systém v zdravotníctve. Návrh na vytvorenie jednej zdravotnej poisťovne. Sieť zdravotníckych zariadení. Príčiny zadlžovania týchto zariadení a prijaté opatrenia. Nedostatočná informatizácia zdravotníctva. 
610 2 0 |a zdravotníctvo 
610 2 0 |a zdravie 
610 2 0 |a poistenie 
610 2 0 |a poistenie zdravotné 
610 2 0 |a poisťovne zdravotné 
610 2 0 |a zariadenia zdravotnícke 
610 2 0 |a zadlženosť 
610 2 0 |a informatizácia 
100 1 |a Gallo, Rudolf